|
|
|
|
| LEADER |
02775nam a22004815i 4500 |
| 001 |
978-3-540-35386-7 |
| 003 |
DE-He213 |
| 005 |
20151204164551.0 |
| 007 |
cr nn 008mamaa |
| 008 |
100301s2006 gw | s |||| 0|eng d |
| 020 |
|
|
|a 9783540353867
|9 978-3-540-35386-7
|
| 024 |
7 |
|
|a 10.1007/b11771456
|2 doi
|
| 040 |
|
|
|d GrThAP
|
| 050 |
|
4 |
|a QC5.53
|
| 072 |
|
7 |
|a PHU
|2 bicssc
|
| 072 |
|
7 |
|a SCI040000
|2 bisacsh
|
| 082 |
0 |
4 |
|a 530.15
|2 23
|
| 100 |
1 |
|
|a Shchepetilov, Alexey V.
|e author.
|
| 245 |
1 |
0 |
|a Calculus and Mechanics on Two-Point Homogenous Riemannian Spaces
|h [electronic resource] /
|c by Alexey V. Shchepetilov.
|
| 264 |
|
1 |
|a Berlin, Heidelberg :
|b Springer Berlin Heidelberg,
|c 2006.
|
| 300 |
|
|
|a XVIII, 242 p.
|b online resource.
|
| 336 |
|
|
|a text
|b txt
|2 rdacontent
|
| 337 |
|
|
|a computer
|b c
|2 rdamedia
|
| 338 |
|
|
|a online resource
|b cr
|2 rdacarrier
|
| 347 |
|
|
|a text file
|b PDF
|2 rda
|
| 490 |
1 |
|
|a Lecture Notes in Physics,
|x 0075-8450 ;
|v 707
|
| 505 |
0 |
|
|a Two-Point Homogeneous Riemannian Spaces -- Differential Operators on Smooth Manifolds -- Algebras of Invariant Differential Operators on Unit Sphere Bundles Over Two-Point Homogeneous Riemannian Spaces -- Hamiltonian Systems with Symmetry and Their Reduction -- Two-Body Hamiltonian on Two-Point Homogeneous Spaces -- Particle in a Central Field on Two-Point Homogeneous Spaces -- Classical Two-Body Problem on Two-Point Homogeneous Riemannian Spaces -- Quasi-Exactly Solvability of the Quantum Mechanical Two-Body Problem on Spheres.
|
| 520 |
|
|
|a The present monograph gives a short and concise introduction to classical and quantum mechanics on two-point homogenous Riemannian spaces, with empahsis on spaces with constant curvature. Chapter 1-4 provide the basic notations from differential geometry for studying two-body dynamics in these spaces. Chapter 5 deals with the problem of finding explicitly invariant expressions for the two-body quantum Hamiltonian. Chapter 6 addresses one-body problems in a central potential. Chapter 7 studies the classical counterpart of the quantum system of chapter 5. Chapter 8 investigates some applications in the quantum realm, namely for the coulomb and oscillator potentials.
|
| 650 |
|
0 |
|a Physics.
|
| 650 |
|
0 |
|a Differential geometry.
|
| 650 |
|
0 |
|a Mechanics.
|
| 650 |
1 |
4 |
|a Physics.
|
| 650 |
2 |
4 |
|a Mathematical Methods in Physics.
|
| 650 |
2 |
4 |
|a Differential Geometry.
|
| 650 |
2 |
4 |
|a Mechanics.
|
| 710 |
2 |
|
|a SpringerLink (Online service)
|
| 773 |
0 |
|
|t Springer eBooks
|
| 776 |
0 |
8 |
|i Printed edition:
|z 9783540353843
|
| 830 |
|
0 |
|a Lecture Notes in Physics,
|x 0075-8450 ;
|v 707
|
| 856 |
4 |
0 |
|u http://dx.doi.org/10.1007/b11771456
|z Full Text via HEAL-Link
|
| 912 |
|
|
|a ZDB-2-PHA
|
| 912 |
|
|
|a ZDB-2-LNP
|
| 950 |
|
|
|a Physics and Astronomy (Springer-11651)
|